000 00443nam a2200181Ia 4500
008 100917s9999 xx 000 0 und d
082 _b20176
100 _aसाने गुरूजी
245 _aविश्रांम
260 _b---
_c1937
300 _a117
365 _b0
520 _aकथा
630 _aविश्रांम
650 _aकथा
730 _aविश्रांम
942 _cBOOK
999 _c625570
_d625567